000 00593nam a2200229Ia 4500
003 OSt
005 20220928104348.0
006 a|||||r|||| 00| 0
007 ta
008 220927b |||||||| |||| 00| 0 eng d
024 _a93389
037 _cTextual
040 _aSDCL
_cSDCL
_beng
041 _2eng
_aeng
082 _aO152,1M96:g, K91
100 _aBachchan Singh
245 0 _aKrantikari kavi Nirala.
260 _aVaranasi
_bNandkishor
_c1969
300 _a279p
_ccm.
942 _hO152,1M96:g, K91
_cTEXL
_2CC
999 _c725694
_d725694